000 00390nam a2200133Ia 4500
008 231129s2017||||xx |||||||||||||| ||spa||
020 _a978-958-8827-48-3
082 _a927 C264l
100 _aCarbonell José Antonio
245 0 _aLácydes Moreno: La palabra y el fuego
260 _c2017
264 _aBogotá: Ministerio de Cultura
942 _2ddc
_cBKS
999 _c18536
_d18536